Statistics for Countries that Start with E - Map Quiz

Click here to take the quiz!

General Stats

  • This quiz has been taken 362 times
  • The average score is 7 of 8

Answers on the Map

Answers color-coded by a green-red scale on the quiz's map according to % correct below.
 

Answer Stats

Answer% Correct
Ecuador
97%
Egypt
96%
El Salvador
94%
Ethiopia
94%
Equatorial Guinea
93%
East Timor
91%
Estonia
91%
Eritrea
90%

Score Distribution

Percentile by Number Answered

Percent of People with Each Score

Your Score History

You have not taken this quiz